000 00484cam a22001217a 4500
008 180718bn.d. xxu||||| |||| 00| 0 eng d
082 _aA81x54 In2/71/17/Pt 10 A & B/3
100 _aCensus of India 1971
245 _aPunjab district census handbook, Firozpur: village & town directory, village & townwise primary census abstract
260 _aChandigarh
_bThe Controller, P. & S. Department
_cn.d.
300 _a265+p.
440 _aCensus of India 1971. Series-17, Punjab. Parts X-A & B
999 _c485436
_d485436